[Event "RUS-chT blitz (Women)"]
[Site "Sochi"]
[Date "2018.10.10"]
[Round "8.2"]
[White "Khusneeva, Alina"]
[Black "Fairuzova, Zulfiiya"]
[Result "0-1"]
[WhiteElo "1066"]
[BlackElo "1847"]
[PlyCount "62"]
[EventDate "2018.10.10"]
[EventType "team-swiss (blitz)"]
[EventRounds "13"]
[EventCountry "RUS"]
[SourceTitle "CBM 186 Extra"]
[Source "ChessBase"]
[SourceDate "2018.08.24"]
[SourceVersion "1"]
[SourceVersionDate "2018.08.24"]
[SourceQuality "1"]
[WhiteTeam "Tatarstan Nab Chelny (W)"]
[BlackTeam "Naberezhnye Chelny Etyud (W)"]
[WhiteTeamCountry "RUS"]
[BlackTeamCountry "RUS"]

1. e4 e5 2. Nf3 d6 3. Bb5+ Bd7 4. Bxd7+ Qxd7 5. 0-0 Nf6 6. d3 Be7 7. c3 0-0 8. Re1 Nc6 9. d4 Rfe8 10. Nbd2 Bf8 11. Qc2 a6 12. Nf1 g6 13. Ng3 Bg7 14. Rd1 Qe7 15. d5 Nb8 16. c4 Nbd7 17. b3 a5 18. Bb2 Nc5 19. Re1 Rf8 20. h3 Nfd7 21. Nd2 f6 22. Nf3 Qf7 23. Nd2 f5 24. exf5 gxf5 25. Nf3 f4 26. Ne4 Nxe4 27. Qxe4 Nc5 28. Qc2 Bf6 29. Rad1 Kh8 30. Kh1 Rg8 31. Kg1 Qg7 0-1